|
|
|
|
| LEADER |
01155nam a2200253 a 4500 |
| 001 |
12615738 |
| 008 |
100404s2001 nyua 001 0 eng d |
| 010 |
|
|
|a \\2001281199
|
| 020 |
|
|
|a 0072193662
|
| 040 |
|
|
|a DLC
|c DLC
|d DLC
|d BD-DhAAL
|
| 082 |
0 |
0 |
|a 005.13/3
|2 21
|
| 245 |
0 |
0 |
|a Java 2 :
|b exam 310-025 /
|c Cindy Glass ... [et al.].
|
| 260 |
|
|
|a New York :
|b Osborne/McGraw-HIll,
|c c2001.
|
| 300 |
|
|
|a xviii, 460 p. :
|b ill. ;
|c 23 cm.
|
| 490 |
0 |
|
|a Mike Meyer's certification passport
|
| 504 |
|
|
|a Includes index.
|
| 538 |
|
|
|a System requirements for accompanying computer disc: Windows 98; Windows NT 4.0, Windows 2000, and Windows ME; CPU, 400 MHz or faster; memory, 64MB of RAM; CD-ROM, 4X or greater; Internet connection.
|
| 541 |
1 |
|
|e 00015619
|
| 650 |
|
0 |
|a Electronic data processing personnel
|x Certification.
|
| 650 |
|
0 |
|a Java (Computer program language)
|x Examinations
|v Study guides.
|
| 700 |
1 |
|
|a Glass, Cindy.
|
| 852 |
4 |
|
|a Ayesha Abed Library
|j General Shelf
|
| 999 |
|
|
|c 7944
|d 7944
|
| 952 |
|
|
|0 0
|1 0
|2 ddc
|4 0
|6 005_133000000000000_JAV_2001
|7 0
|9 8943
|a BRACUL
|b BRACUL
|c GEN
|d 2010-04-04
|l 10
|m 118
|o 005.133 JAV
|p 3010015619
|r 2018-11-18
|s 2018-05-21
|t 1
|w 2010-04-04
|y BK
|